| 000 | 00483cam a2200181ua 4500 | ||
|---|---|---|---|
| 020 |
_a0-07-096500-5 _c150.00 |
||
| 041 |
_aeng _h |
||
| 082 |
_a546 _bMAN/TH |
||
| 100 | _aManku, G S . | ||
| 245 |
_aTheoretical principles of inorganic chemistry / _cG S Manku. _hTextual Documents |
||
| 260 |
_aNew Delhi : _bTata Mc-Graw Hill Publishing Company , _c1980. |
||
| 300 | _a563 ; . | ||
| 365 | _a150.00 | ||
| 500 | _a*CSS | ||
| 504 | _a | ||
| 942 | _cBK | ||
| 999 |
_c7188 _d7188 |
||